[Event "Oberliga Ost B9798"]
[Site "Germany"]
[Date "1998.??.??"]
[Round "?.3"]
[White "Kuban, Guenther"]
[Black "Roeschlau, Bernd"]
[Result "0-1"]
[WhiteElo "2270"]
[BlackElo "2245"]

1.c4 Nf6 2.g3 g6 3.Bg2 Bg7 4.Nf3 O-O 5.O-O d5 6.Na3 d4 7.b4 d3 8.exd3 Qxd3
9.Rb1 a5 10.Rb3 Qd6 11.b5 a4 12.Re3 Ng4 13.Re2 Ne5 14.Nxe5 Bxe5 15.Nc2 Bg4
16.f3 Bf5 17.Rfe1 Bf6 18.Ba3 Bxc2 19.Qc1 Qd4+ 20.Kh1 Qxc4 21.f4 Nd7 22.Bxb7 Rfb8
23.Bc6 Nf8 24.d4 Bd3 25.Rd2 Qxc1 26.Rxc1 Bxb5 27.Bxa8 Rxa8 28.d5 Nd7 29.Rxc7 Nb6
30.Bxe7 Bxe7 31.Rxe7 Nxd5 32.Re5 Bc6 33.Kg1 Rd8 34.Rd4 Rd6 35.Rc4 Bd7 36.Rd4 Bc6
37.Rc4 Nb6 38.Rb4 Bd7 39.Re7 Kf8 40.Re2 Nd5 41.Rb8+ Kg7 42.Rd2 Kf6 43.Ra8 Bc6
44.Ra6 Ke6 45.Kf2 h5 46.Re2+ Kd7 47.Ra7+ Nc7 48.Rc2 Rd3 49.Ke2 Rd5 50.Ke1 Kd6
51.Kf2 Rd1 52.Ke2 Rh1 53.Kd3 f5 54.Kc4 Bb5+ 55.Kb4 Rb1+ 56.Ka3 Bc6 57.Rd2+ Nd5
58.Rg7 Be8 59.Re2 Rb8 60.Rg8 Nc7 61.Rexe8 Nxe8 62.Rxg6+ Kd5 63.Ra6 Nd6 64.h3 Nc4+
65.Kxa4 Kc5 66.a3 Nb2+  0-1

[Event "BL2-N9798"]
[Site "Germany"]
[Date "1998.??.??"]
[Round "4.1"]
[White "Lagunow, Alexander"]
[Black "Hausner, Ivan"]
[Result "1-0"]
[WhiteElo "2450"]
[BlackElo "2410"]

1.Nf3 Nf6 2.c4 g6 3.g3 Bg7 4.Bg2 O-O 5.O-O d6 6.d4 Nbd7 7.Nc3 e5 8.e4 exd4
9.Nxd4 Re8 10.h3 Nc5 11.Re1 a5 12.Rb1 Nfd7 13.Be3 c6 14.b3 Qe7 15.f4 Nf8
16.Qd2 h5 17.Bf2 Nh7 18.Rbd1 Qf8 19.Nde2 Nf6 20.Qxd6 Qxd6 21.Rxd6 Ncxe4 22.Nxe4 Nxe4
23.Bxe4 Rxe4 24.Rd8+ Kh7 25.Nc3 Rxe1+ 26.Bxe1 Bf6 27.Re8 b5 28.Ne4 Bd4+ 29.Bf2 Bxf2+
30.Kxf2 a4 31.bxa4 bxc4 32.a5 Kg7 33.Ke3 c5 34.a4 Rxa5 35.Rxc8 Rxa4 36.Rxc5 Ra3+
37.Kd4 h4 38.gxh4 Rxh3 39.h5 Rh4 40.Ke3 Rxh5 41.Rxc4 Rh3+ 42.Ke2 Rh2+ 43.Kf3 Rh3+
44.Kg2 Ra3 45.Rc7 Ra6 46.Rd7 Kg8 47.Nd6 f6 48.Ne4 Kf8 49.Kf3 Ra3+ 50.Ke2 Ra2+
51.Ke3 Ra3+ 52.Rd3 Ra6 53.Nc5 Rc6 54.Kd4 Ke7 55.Re3+ Kf7 56.Kd5 Rb6 57.Rb3 Rxb3
58.Nxb3 Ke7 59.Nc5 Kf7 60.Kd6 f5 61.Ne6 Kg8 62.Ke7  1-0

[Event "NRW-Liga 9798"]
[Site "Germany"]
[Date "1998.??.??"]
[Round "5"]
[White "Rohde, Ulrich"]
[Black "Hubert, Ralf"]
[Result "1/2-1/2"]
[WhiteElo "2280"]
[BlackElo "2350"]

1.Nf3 Nf6 2.c4 g6 3.g3 Bg7 4.Bg2 O-O 5.d4 d6 6.Nc3 Nbd7 7.O-O c6 8.e4 e5
9.h3 Qa5 10.Re1 exd4 11.Nxd4 Ne5 12.Bf1 Be6 13.Nxe6 fxe6 14.Be3 Rad8 15.f4 Nf7
16.Qb3 Rd7 17.Bg2 e5 18.f5 Nh5 19.Bf2 Kh8 20.Rad1 Qd8 21.Rd3 Nh6 22.Qd1 b6
23.Bf3 Nf6 24.g4 Nf7 25.h4 gxf5 26.exf5 Rg8 27.g5 Nh6 28.gxh6 Bxh6+ 29.Kh1 Bf4
30.Rg1 Rxg1+ 31.Kxg1 Qg8+ 32.Bg2 Ng4 33.Ne4 d5 34.cxd5 cxd5 35.Ng5 Nxf2 36.Kxf2 Bxg5
37.hxg5 Qxg5 38.Rxd5 Rf7 39.Rd8+ Kg7 40.Kg1 Qe3+ 41.Kh2 Qf4+ 42.Kg1 Qe3+
43.Kh2 Qf4+  1/2-1/2

[Event "Perenyi mem 2nd"]
[Site "Gyula"]
[Date "1998.??.??"]
[Round "10"]
[White "Feher, Gyula"]
[Black "Senff, Martin"]
[Result "1/2-1/2"]
[WhiteElo "2445"]
[BlackElo "2430"]

1.Nf3 Nf6 2.c4 g6 3.g3 Bg7 4.Bg2 O-O 5.O-O d6 6.Nc3 c6 7.d3 e5 8.Rb1 a5 9.a3 h6
10.b4 axb4 11.axb4 Be6 12.b5 Nbd7 13.Bd2 Nc5 14.Qc2 Nfd7 15.bxc6 bxc6 16.e4 Kh7
17.Be3 f5 18.exf5 Bxf5 19.Ne4 Ra3 20.Bxc5 Nxc5 21.Nxc5 dxc5 22.Ne1 Qd4 23.Rb3 Rxb3
24.Qxb3 e4 25.Bxe4  1/2-1/2

[Event "Capablanca mem Masters I"]
[Site "Havana"]
[Date "1998.??.??"]
[Round "2"]
[White "Hernandez, Gustavo"]
[Black "De la Paz, Frank"]
[Result "0-1"]
[WhiteElo "2335"]
[BlackElo "2325"]

1.Nf3 Nf6 2.c4 g6 3.g3 Bg7 4.Bg2 O-O 5.O-O c5 6.d4 d6 7.b3 Nc6 8.Bb2 Ne4
9.Ne1 Ng5 10.e3 cxd4 11.exd4 Qb6 12.Nc2 Ne6 13.Nc3 Qa5 14.Nd5 Qd8 15.Qd2 Nc7
16.Nxc7 Qxc7 17.Ne3 Bd7 18.Rfe1 Qc8 19.d5 Nb8 20.Bxg7 Kxg7 21.Nc2 Re8 22.Re3 Bh3
23.Rae1 Bxg2 24.Kxg2 Qd8 25.Qd4+ Kg8 26.Qh4 e5 27.dxe6 Qxh4 28.gxh4 Nc6 29.e7 Rac8
30.Rd3 Nxe7 31.Rxd6 Nf5 32.Rd7 Red8 33.Rxb7 Nxh4+ 34.Kf1 Rd2 35.Ne3 Rxa2
36.Nd5 Rf8 37.c5 Rc2 38.c6 Kg7 39.c7 Rc8 40.Ra1 Rc5 41.Raxa7 Nf5 42.Nb6 Rc1+
43.Kg2 Nh4+ 44.Kg3 g5 45.f4 Rc3+ 46.Kf2 Re8 47.Ra1 Rc2+ 48.Kf1 Ree2  0-1

[Event "Capablanca mem Masters I"]
[Site "Havana"]
[Date "1998.??.??"]
[Round "5"]
[White "Hernandez, Gustavo"]
[Black "Clavijo, Jorge Mario"]
[Result "1/2-1/2"]
[WhiteElo "2335"]
[BlackElo "2365"]

1.Nf3 Nf6 2.c4 g6 3.g3 Bg7 4.Bg2 O-O 5.O-O c6 6.d4 d5 7.cxd5 cxd5 8.Ne5 Nc6
9.Nc3 e6 10.Bf4 Nd7 11.Nxc6 bxc6 12.Na4 Ba6 13.Rc1 Rc8 14.Bd6 Re8 15.Re1 Bb5
16.Nc5 Nxc5 17.Bxc5 Qa5 18.a3 e5 19.e3 Rb8 20.Bb4 Qa6 21.dxe5 Bxe5 22.Bc3 Ba4
23.Qd2 Bxc3 24.Rxc3 Qb6 25.Rb1 Bb3 26.Rbc1 Re6 27.Bh3 Rd6 28.Rc5 Rbd8 29.Qd4 a5
30.Bf1 a4 31.Bd3 Re6 32.h4 h5 33.Bc2 Bxc2 34.R1xc2 Qa6 35.Kg2 Rdd6 36.Rd2 Rd7
37.Rdc2 Rb7 38.Qc3 Rb3 39.Qd2 Qb6 40.Ra5 Re4 41.Ra8+ Kg7 42.Rc8 Re6 43.Qd4+ Qxd4
44.exd4 Rd3 45.R8xc6 Rxd4 46.R6c3 Rd1 47.Rc1 Rxc1 48.Rxc1 Rb6 49.Rc5 Rxb2
50.Ra5  1/2-1/2

[Event "Helsinki op3"]
[Site "Helsinki"]
[Date "1998.??.??"]
[Round "1"]
[White "Parkkinen, Jyrki"]
[Black "Holmsten, Aleksei"]
[Result "0-1"]
[WhiteElo "2155"]
[BlackElo "2425"]

1.Nf3 Nf6 2.c4 g6 3.g3 Bg7 4.Bg2 O-O 5.O-O d5 6.cxd5 Nxd5 7.d4 Nc6 8.Nc3 Nb6
9.e3 e5 10.d5 Ne7 11.e4 Bg4 12.h3 Bd7 13.b3 Nec8 14.Bg5 f6 15.Be3 Nd6 16.Qd2 f5
17.exf5 gxf5 18.Bh6 e4 19.Nd4 Qf6 20.Bxg7 Qxg7 21.Nde2 Rae8 22.Rae1 Nb5 23.Kh2 Kh8
24.a4 Nxc3 25.Nxc3 Rd8 26.a5 Nc8 27.Rd1 Nd6 28.Qd4 Nb5 29.Nxb5 Bxb5 30.Rfe1 Qxd4
31.Rxd4 c5 32.Rd2 Bd3 33.Rxd3 exd3 34.Rd1 f4 35.Rxd3 fxg3+ 36.fxg3 Kg7 37.Rc3 b6
38.axb6 axb6 39.b4 cxb4 40.Rb3 Ra8 41.d6 Ra2 42.d7 Rd8 43.Rd3 b3 44.Rxb3 Rxd7
45.Rxb6 Rdd2 46.Rb7+ Kf6 47.Rb6+ Ke7 48.Rb7+ Kd8  0-1

[Event "Helsinki op1"]
[Site "Helsinki"]
[Date "1998.??.??"]
[Round "4"]
[White "Haapasalo, Jukka Pekka"]
[Black "Sorri, Kari Juhani"]
[Result "1/2-1/2"]
[WhiteElo "2185"]
[BlackElo "2290"]

1.c4 Nf6 2.Nf3 g6 3.g3 Bg7 4.Bg2 O-O 5.O-O d6 6.d4 Na6 7.b3 c5 8.Bb2 Rb8
9.Nc3 cxd4 10.Nxd4 Nc5 11.Qc2 a6 12.Rfd1 Bd7 13.Rac1 Qb6 14.Qd2  1/2-1/2

[Event "Hollabrunn op"]
[Site "Hollabrunn"]
[Date "1998.??.??"]
[Round "7"]
[White "Veselovsky, Sergey"]
[Black "Moskalenko, Viktor"]
[Result "1/2-1/2"]
[WhiteElo "2435"]
[BlackElo "2500"]

1.Nf3 Nf6 2.c4 g6 3.g3 Bg7 4.Bg2 O-O 5.O-O d6 6.Nc3 c6 7.d3 Na6 8.Rb1 d5
9.Nd2 dxc4 10.Nxc4 Be6 11.Bd2 Qc8 12.Qc1 Rd8 13.Re1 Nb4 14.a3 Nbd5 15.b4 Nxc3
16.Bxc3 Bd5  1/2-1/2

[Event "HUN-chT9899"]
[Site "HUN"]
[Date "1998.??.??"]
[Round "?"]
[White "Fancsy, Imre"]
[Black "Horvath, Peter"]
[Result "1/2-1/2"]
[WhiteElo "2415"]
[BlackElo "2425"]

1.c4 Nf6 2.Nf3 g6 3.g3 Bg7 4.Bg2 O-O 5.d4 d6 6.Nc3 c6 7.O-O a6 8.h3 b5 9.b3 b4
10.Na4 a5 11.Bb2 Na6 12.Ne1 Bd7 13.Nd3  1/2-1/2

[Event "HUN-chT 9798"]
[Site "Hungary"]
[Date "1998.??.??"]
[Round "?"]
[White "Kustar, Sandor"]
[Black "Szuk, Balazs"]
[Result "1/2-1/2"]
[WhiteElo "2380"]
[BlackElo "2340"]

1.Nf3 Nf6 2.c4 g6 3.g3 Bg7 4.Bg2 O-O 5.d4 d6 6.O-O c5 7.Nc3 Nc6 8.h3 Bf5
9.d5 Na5 10.Nd2 a6 11.e4 Bd7 12.Qe2 Rb8 13.a3 b5 14.cxb5 axb5 15.b4 Nh5 16.Bb2 cxb4
17.axb4 Nc4 18.Nxc4 bxc4 19.b5  1/2-1/2

[Event "HUN-chT 9798"]
[Site "Hungary"]
[Date "1998.??.??"]
[Round "?"]
[White "Bilek, Istvan"]
[Black "Lengyel, Bela"]
[Result "1/2-1/2"]
[WhiteElo "2380"]
[BlackElo "2375"]

1.Nf3 Nf6 2.g3 g6 3.Bg2 Bg7 4.c4 O-O 5.O-O d6 6.Nc3 e5 7.d4 Nbd7 8.e4 c6
9.h3 Re8 10.Be3 exd4 11.Nxd4 Nc5 12.Qc2 a5 13.Rad1 Nfd7 14.Nb3 Qe7 15.Nxc5 Nxc5
16.Bd4 Be6 17.Bxg7 Kxg7 18.b3 Rad8 19.Rfe1 Qg5  1/2-1/2

[Event "HUN-chT 9798"]
[Site "Hungary"]
[Date "1998.??.??"]
[Round "?"]
[White "Szilagyi, Peter"]
[Black "Szabo, Zsolt"]
[Result "0-1"]
[WhiteElo "2400"]
[BlackElo "2320"]

1.Nf3 Nf6 2.c4 g6 3.g3 Bg7 4.Bg2 O-O 5.d4 d5 6.O-O Nc6 7.cxd5 Nxd5 8.e4 Nb6
9.d5 Na5 10.Nc3 c6 11.Nd4 cxd5 12.exd5 e6 13.Nb3 Nxd5 14.Nxd5 exd5 15.Qxd5 Qxd5
16.Bxd5 Nc6 17.Be3 Bh3 18.Rfd1 Rac8 19.Rd2 b6 20.Rc1 Ne5 21.Rxc8 Rxc8 22.f3 h5
23.Bd4 Bf5 24.Kg2 g5 25.Bc3 Bg6 26.Nd4 Nd3 27.Re2 Kf8 28.Bb7 Rd8 29.Nc6 Rd7
30.Bxg7+ Kxg7 31.Ba6 Nc1 32.Re7 Rd2+ 33.Kg1 Rxb2 34.Bc4 b5 35.Bd5 Ne2+ 36.Kf1 Nc3
37.Bxf7 Bxf7 38.Nd8 Rb1+ 39.Kg2 Rb2+ 40.Kf1 Kf8 41.Rxf7+ Ke8 42.Rc7 Kxd8
43.Rxc3 Rxa2 44.Rc5 b4 45.Rb5 a5 46.Ke1 Rxh2 47.Kd1 a4  0-1

[Event "ISL-chT 9798"]
[Site "Iceland"]
[Date "1998.??.??"]
[Round "?"]
[White "Arnason, Jon L"]
[Black "Gudmundsson, Kristjan"]
[Result "1-0"]
[WhiteElo "2535"]
[BlackElo "2260"]

1.c4 Nf6 2.Nf3 g6 3.g3 Bg7 4.Bg2 O-O 5.d4 d6 6.Nc3 Nc6 7.h3 Bd7 8.O-O Qc8
9.Kh2 a6 10.Be3 Rb8 11.Rc1 Re8 12.d5 Na5 13.Nd2 c5 14.a3 b5 15.cxb5 axb5
16.b4 cxb4 17.Nxb5 Qb7 18.Nc7 Rec8 19.axb4 Rxc7 20.bxa5 Rxc1 21.Qxc1 Qa6
22.Bb6 Qxe2 23.Re1 Qd3 24.Re3 Qf5 25.Rxe7 Bf8 26.Re1 Nxd5 27.Bd4 Nf4 28.Ne4 Nxg2
29.Nf6+ Qxf6 30.Bxf6 Nxe1 31.Qxe1 Re8 32.Qd2 Bf5 33.Ba1 Bg7 34.Bxg7 Kxg7
35.a6 Be4 36.Qe3 Kf8 37.Qd4 Kg8 38.Qxd6 Ba8 39.g4 h6 40.a7 Kg7 41.Qb8 Rf8
42.h4 Kg8 43.Kg3 Kg7 44.Kf4 Kg8 45.Ke5 Kg7 46.Kd6 f6 47.Ke7 Rf7+ 48.Ke6 Rf8
49.h5 gxh5 50.gxh5 Be4 51.Qc7+ Kg8 52.Qf4 Ba8 53.Qxh6 Be4 54.Qe3 Bh7 55.Qg3+ Kh8
56.Qb8  1-0

[Event "Women's Champions"]
[Site "Iki Burul/Yashalta"]
[Date "1998.??.??"]
[Round "?"]
[White "Demina, Julia"]
[Black "Kovalevskaya, Ekaterina"]
[Result "1/2-1/2"]
[WhiteElo "2355"]
[BlackElo "2390"]

1.Nf3 Nf6 2.c4 g6 3.g3 Bg7 4.Bg2 O-O 5.O-O d6 6.d4 Nbd7 7.Qc2 e5 8.Rd1 Re8
9.e4 exd4 10.Nxd4 Nc5 11.Nc3 a5 12.Nb3 Na6 13.a3 Bg4 14.Re1 Nd7 15.h3 Be6
16.Nxa5 Ne5 17.f4 Nxc4 18.Nxc4 Bxc4 19.Be3 Nc5 20.Bxc5 dxc5 21.e5 Qd4+ 22.Kh2 Bd3
23.Qd2 c4 24.Nd5 Rac8 25.Nb4 c5 26.Nxd3 Qxd3 27.Rad1 Qxd2 28.Rxd2 b5 29.Red1 Bf8
30.Bd5 Kg7 31.Kg2 Rc7 32.Kf3 Rd8 33.a4 bxa4 34.Bxc4 Rxd2 35.Rxd2 Rb7 36.g4 Rb4
37.Rc2 f6 38.Ke4 g5 39.fxg5 fxe5 40.Kxe5 Kg6 41.h4 Rxb2 42.Bd3+ Kf7 43.Rxb2 Bg7+
44.Kd5 Bxb2 45.Bxh7 Bd4 46.Bb1 Bf2 47.g6+ Kg7 48.h5 Be3 49.Ke4 Bc1 50.Kf5 Kh6
51.Ba2 a3 52.Bc4 Bd2 53.Kf6 Bc3+ 54.Kf7 Bd4 55.Kg8 Bc3 56.Bf7 Bd4 57.Bc4  1/2-1/2

[Event "South California-ch"]
[Site "Irvine"]
[Date "1998.??.??"]
[Round "3"]
[White "Jones, Stephen L"]
[Black "Altounian, Levon"]
[Result "0-1"]
[WhiteElo "2285"]
[BlackElo "2430"]

1.Nf3 Nf6 2.c4 g6 3.g3 Bg7 4.Bg2 O-O 5.O-O d5 6.cxd5 Nxd5 7.Nc3 c5 8.Ne4 Qb6
9.Nc3 Rd8 10.Nxd5 Rxd5 11.d3 Nc6 12.Nd2 Rd8 13.Nc4 Qa6 14.Bg5 h6 15.Be3 Be6
16.Qc1 Nd4 17.Re1 Rac8 18.Bxd4 cxd4 19.b3 h5 20.a4 h4 21.Qa3 Rc7 22.Qb4 Bd5
23.Bh3 Qf6 24.Rac1 Bh6 25.Nd2 Rc3 26.f4 hxg3 27.hxg3 Bxf4 28.Ne4 Be3+ 29.Kh2 Bxe4  0-1

[Event "South California-ch"]
[Site "Irvine"]
[Date "1998.??.??"]
[Round "6"]
[White "Jones, Stephen L"]
[Black "Saulespurens, Val"]
[Result "0-1"]
[WhiteElo "2285"]
[BlackElo "2330"]

1.Nf3 Nf6 2.c4 g6 3.g3 Bg7 4.Bg2 O-O 5.O-O d6 6.d4 Nbd7 7.Nc3 Re8 8.e4 e5
9.d5 a5 10.Ne1 Nc5 11.Bg5 h6 12.Be3 b6 13.h3 Kh7 14.Nd3 Bd7 15.b3 Ng8 16.Nxc5 bxc5
17.h4 f5 18.h5 f4 19.hxg6+ Kxg6 20.Bd2 Rf8 21.Rc1 h5 22.Bf3 h4 23.Kh2 hxg3+
24.fxg3 Qg5 25.Rg1 Qh6+ 26.Kg2 Qh3+ 27.Kf2 Qh2+ 28.Rg2 fxg3+ 29.Ke3 Qh4 30.Bh5+ Kh7
31.Kd3 Bh3 32.Qh1 Bh6 33.Rcg1 Rf2 34.Be2 Rxg2 35.Rxg2 Bxd2 36.Bf1 Bxc3 37.Kxc3 Rf8
38.Rg1 Rxf1 39.Rxf1 g2  0-1

[Event "Karvina op"]
[Site "Karvina"]
[Date "1998.??.??"]
[Round "?"]
[White "Splosnov, Sergei"]
[Black "Sekanina, Jiri"]
[Result "1-0"]
[WhiteElo "2335"]
[BlackElo "2160"]

1.Nf3 Nf6 2.c4 g6 3.g3 Bg7 4.Bg2 O-O 5.O-O d6 6.d4 Nc6 7.Nc3 a6 8.d5 Na5
9.Nd2 c5 10.Rb1 Rb8 11.b3 b5 12.Bb2 e5 13.dxe6 Bxe6 14.cxb5 axb5 15.Nde4 Bf5
16.Nxf6+ Bxf6 17.Nd5 Be5 18.f4 Bg7 19.e4 Be6 20.Bxg7 Kxg7 21.f5 Bxd5 22.f6+ Kh8
23.Qxd5 Nb7 24.Rf4 Qe8 25.Qg5 Qe5 26.Qh6 Rg8 27.Rh4  1-0

[Event "Independence Cup op"]
[Site "Kiev"]
[Date "1998.??.??"]
[Round "5"]
[White "Nikolaev, Leonid"]
[Black "Mishchenko, Victor"]
[Result "1-0"]
[WhiteElo "2280"]
[BlackElo "2225"]

1.c4 Nf6 2.Nf3 g6 3.g3 Bg7 4.Bg2 O-O 5.O-O d6 6.d4 Nbd7 7.Qc2 e5 8.Rd1 Re8
9.dxe5 dxe5 10.e4 c6 11.h3 Qc7 12.Be3 Bf8 13.c5 b6 14.b4 bxc5 15.bxc5 Qa5
16.Rc1 Ba6 17.Nbd2 Rab8 18.Bf1 Bxf1 19.Kxf1 Rb4 20.Rab1 Reb8 21.Kg2 Rxb1
22.Rxb1 Rxb1 23.Qxb1 Bxc5 24.Nxe5 Nxe5 25.Nb3 Qb5 26.Bxc5 Nd3 27.Bxa7 Nxe4
28.Be3 Nc3 29.Qa1 Qd5+ 30.Kh2 Ne4 31.Qd4 Qxd4 32.Bxd4 c5 33.f3 cxd4 34.fxe4 Nf2
35.Nd2 Kf8 36.Kg2 Nd3 37.Nb3 Nb4 38.a4 Nc6 39.Kf2 Ke7 40.Ke2 Kd6 41.Kd3 Ke5
42.Nd2 Nb4+ 43.Kc4 Nc6 44.Kc5 Nb8 45.a5 d3 46.Kc4 Kd6 47.Nb3 Nc6 48.Kxd3 Ke5
49.Ke3 Nb4 50.Nc5 Kd6 51.Nd3 Nc6 52.a6 f6 53.Nb4 Na7 54.Kd4 Nb5+ 55.Kc4 Na3+
56.Kb3 Nb5 57.Nd5 Ke5  1-0

[Event "Klatovy op-B"]
[Site "Klatovy"]
[Date "1998.??.??"]
[Round "?"]
[White "Peniska, P."]
[Black "Brhlik, A."]
[Result "1/2-1/2"]
[WhiteElo "1865"]
[BlackElo "1700"]

1.c4 Nf6 2.Nf3 g6 3.g3 Bg7 4.Bg2 O-O 5.O-O d6 6.d4 c6 7.Nc3 Na6 8.e4 Rb8
9.Rb1 Nc7 10.h3 b5 11.cxb5 Nxb5 12.Be3 Nxc3 13.bxc3 Ba6 14.Re1 Nxe4 15.Qc2 Nf6
16.c4 Qa5 17.Bd2 Qc7 18.Rxb8 Rxb8 19.Qa4 Bc8 20.Ba5 Qb7 21.Nd2 d5 22.Rb1 Qa8
23.Rxb8 Qxb8 24.Qxc6 dxc4 25.Nxc4 Bd7 26.Qc5 Qb1+ 27.Kh2 Qxa2 28.Ne5 Bf8
29.Qxa7 Be6 30.Bb6 Qxa7 31.Bxa7 Bd5 32.Bc5 Bxg2 33.Kxg2 Nd5 34.Nd7 Bg7 35.Kf3 h5
36.Ke4 e6 37.Nb6 Nxb6  1/2-1/2

[Event "Klatovy op-A"]
[Site "Klatovy"]
[Date "1998.??.??"]
[Round "?"]
[White "Maly, Alexey"]
[Black "Hlavac, Frantisek"]
[Result "1/2-1/2"]
[WhiteElo "1875"]
[BlackElo "2085"]

1.Nf3 Nf6 2.c4 g6 3.g3 Bg7 4.Bg2 O-O 5.O-O d6 6.d4 Nc6 7.d5 Na5 8.Nfd2 c6
9.Nc3 c5 10.Qc2 e5 11.a3 b6 12.b4 Nb7 13.Bb2 Nh5 14.e3 Bd7 15.Ne2 Qc8 16.f4 Bh3  1/2-1/2

[Event "RUS-Cup"]
[Site "Krasnoiarsk"]
[Date "1998.??.??"]
[Round "2"]
[White "Namgilov, Sogto"]
[Black "Poluljahov, Aleksandr"]
[Result "0-1"]
[WhiteElo "2440"]
[BlackElo "2505"]

1.Nf3 Nf6 2.c4 g6 3.g3 Bg7 4.Bg2 O-O 5.O-O d6 6.Nc3 e5 7.d3 Re8 8.Bg5 h6
9.Bxf6 Bxf6 10.b4 e4 11.Nxe4 Bxa1 12.Qxa1 Nd7 13.Nh4 Kh7 14.f4 f5 15.Nc3 Nf6
16.e4 c6 17.h3 Be6 18.Kh2 Qe7 19.Re1 Qg7 20.Qc1 Rad8  0-1

[Event "BEL-chB"]
[Site "Liege"]
[Date "1998.??.??"]
[Round "1"]
[White "Van Hoolandt, Patrick"]
[Black "Schreiber, Christophe"]
[Result "0-1"]
[WhiteElo "2075"]
[BlackElo "2075"]

1.c4 g6 2.g3 Bg7 3.Bg2 Nf6 4.Nf3 O-O 5.O-O d6 6.Nc3 e5 7.d3 Nc6 8.Rb1 a5
9.a3 h6 10.Nd2 Be6 11.Nd5 Qd7 12.Nxf6+ Bxf6 13.Ne4 Bg7 14.Bxh6 Bh3 15.Qd2 Qf5
16.Bxg7 Kxg7 17.Bxh3 Qxh3 18.e3 Rh8 19.f4 Rh5 20.Rf2 exf4 21.gxf4 Rah8 22.Rg2 f6
23.Rf1 Kf7 24.d4 b6 25.Ng3 Rh4 26.e4 Re8 27.b4 Rg4 28.d5 Nb8 29.bxa5 Nd7
30.axb6 Nxb6 31.Qd4 Ra8 32.c5 Ra4 33.Qc3 Rc4 34.Qb3 Rxc5 35.a4 Nc4 36.Qf3 Nb6
37.Ra1 Nxa4 38.Rxa4 Rc1+ 39.Kf2 Rc2+ 40.Ne2 Rxe2+  0-1

[Event "World Cup blind"]
[Site "Logrono"]
[Date "1998.??.??"]
[Round "5"]
[White "Zoltek, Tadeusz"]
[Black "Berlinsky, Vladimir"]
[Result "1/2-1/2"]
[WhiteElo "2285"]
[BlackElo "2315"]

1.Nf3 Nf6 2.c4 g6 3.g3 Bg7 4.Bg2 O-O 5.O-O d6 6.Nc3 e5 7.d3 Nc6 8.Rb1 Nh5
9.b4 f5 10.Nd5 h6 11.b5 Ne7 12.Nh4 Kh7 13.e3 Nxd5 14.Bxd5 Nf6 15.Bh1 e4 16.dxe4 Nxe4
17.Qc2 Qe7 18.Bb2 Bxb2 19.Rxb2 b6 20.Bxe4 fxe4 21.f4 a5  1/2-1/2

[Event "RUS-Cup02"]
[Site "Moscow"]
[Date "1998.??.??"]
[Round "3"]
[White "Manakova, Maria"]
[Black "Ozolin, Maxim"]
[Result "0-1"]
[WhiteElo "2315"]
[BlackElo "2510"]

1.Nf3 Nf6 2.c4 g6 3.g3 Bg7 4.Bg2 O-O 5.O-O d6 6.d4 Nbd7 7.Nc3 e5 8.e4 exd4
9.Nxd4 Re8 10.h3 Nc5 11.Re1 a5 12.Rb1 a4 13.b4 axb3 14.axb3 Nfd7 15.Be3 Ne5
16.Re2 Bd7 17.Ra2 Rxa2 18.Nxa2 Nc6 19.Nc3 f5 20.exf5 Nxd4 21.Bd5+ Kh8 22.Bxd4 Bxf5
23.Rb2 Nd3 24.Bxg7+ Kxg7 25.Re2 Rxe2 26.Qxe2 Qf6 27.Nd1 c6 28.Bg2 Qe5 29.Ne3 Nc5
30.Nxf5+ gxf5 31.Qxe5+ dxe5 32.b4 Ne6 33.Kf1 Nd4 34.b5 Kf6 35.Ke1 Ke6 36.bxc6 bxc6
37.Kd2 Kd6 38.Kc3 Kc5 39.g4 Ne2+ 40.Kd2 Nf4 41.Bf1 fxg4 42.hxg4 Kd4 43.c5 Ne6
44.Bd3 h6 45.Bc2 Nxc5 46.Ke2 Ne6 47.Kf3 c5 48.Kg3 c4 49.Kh4 Nf4 50.f3 Ke3
51.Bd1 Kd2 52.Ba4 c3 53.g5 hxg5+ 54.Kxg5 Ne6+  0-1

[Event "RUS-Cup02"]
[Site "Moscow"]
[Date "1998.??.??"]
[Round "7"]
[White "Semenov, Valeri"]
[Black "Lylov, Igor"]
[Result "0-1"]
[WhiteElo "2325"]
[BlackElo "2130"]

1.Nf3 Nf6 2.c4 g6 3.g3 Bg7 4.Bg2 O-O 5.O-O c5 6.Nc3 Nc6 7.d3 e6 8.Bg5 h6
9.Be3 d6 10.Qc1 Kh7 11.Rb1 Ng4 12.Bd2 f5 13.h3 Nf6 14.e4 e5 15.Nd5 fxe4 16.Nxf6+ Qxf6
17.dxe4 Bxh3 18.Nh4 Nd4 19.Qd1 Bxg2 20.Kxg2 g5 21.Nf5 Nxf5 22.exf5 Qxf5 23.Be3 Qe4+
24.Kg1 Rf3 25.Qxd6 Raf8 26.Qd5 Qg4 27.Bxc5 R8f4 28.Be3 Rf5 29.Rbe1 Qh3 30.Qe4 Kh8
31.Rd1 Bf8 32.Qxb7 g4 33.Qd5 Rh5  0-1

[Event "EU-ch U18 Girls"]
[Site "Murek"]
[Date "1998.??.??"]
[Round "5"]
[White "Andreeva, Natalija"]
[Black "Budolina, Sofia"]
[Result "1-0"]
[WhiteElo "2280"]
[BlackElo "2040"]

1.Nf3 Nf6 2.g3 g6 3.c4 Bg7 4.Bg2 O-O 5.O-O c5 6.d4 cxd4 7.Nxd4 Nc6 8.Nc3 Ne8
9.Nxc6 bxc6 10.Bxc6 Rb8 11.Bg2 Ba6 12.Qd3 Nc7 13.Rb1 Ne6 14.b3 Qa5 15.Bd2 Bxc3
16.Bxc3 Qc7 17.Rbd1 d6 18.Qe3 Bb7 19.Qxa7 Nc5 20.Qa3 Ra8 21.Qb2 Rfb8 22.Qc2 Bxg2
23.Kxg2 Rb6 24.f3 Rba6 25.Ra1 Qa7 26.a4 Rb8 27.b4 Nxa4 28.b5 Nxc3 29.Rxa6 Qe3
30.Ra3  1-0

[Event "RUS-ch sf"]
[Site "Novosibirsk"]
[Date "1998.??.??"]
[Round "?"]
[White "Lopushnoy, Denis"]
[Black "Bogachkov, Igor"]
[Result "0-1"]
[WhiteElo "2390"]
[BlackElo "2315"]

1.Nf3 Nf6 2.g3 g6 3.Bg2 Bg7 4.c4 O-O 5.d4 d6 6.O-O c5 7.Nc3 Nc6 8.dxc5 dxc5
9.Bf4 Be6 10.Ne5 Na5 11.Qd4 Nh5 12.Rad1  0-1

[Event "RUS-ch sf"]
[Site "Novosibirsk"]
[Date "1998.??.??"]
[Round "?"]
[White "Demina, Julia"]
[Black "Zaitsev, Vadim"]
[Result "1/2-1/2"]
[WhiteElo "2355"]
[BlackElo "2425"]

1.Nf3 Nf6 2.c4 g6 3.g3 Bg7 4.Bg2 O-O 5.O-O d6 6.d4 c6 7.Nc3 Qb6 8.b3 e5 9.dxe5 dxe5
10.Qc2 Re8 11.e4 Bg4 12.h3 Bxf3 13.Bxf3 Nbd7 14.Be3 Qa5 15.a3 Nf8 16.b4 Qc7
17.c5 Ne6 18.Ne2 a5 19.Rfd1 h5 20.Qb2 Nh7 21.Rab1 axb4 22.axb4 Qe7 23.Qb3 h4
24.Rd6 hxg3 25.fxg3 Nhg5 26.Bg2 Nc7 27.Rxg6 Nce6 28.Bxg5 Nxg5 29.Rd6 Ne6
30.Rf1 b6 31.Rxc6 bxc5 32.bxc5 Rec8 33.Rxc8+ Rxc8 34.Bf3 Qxc5+ 35.Kh1 Qc2
36.Qe3 Qc5 37.Qxc5 Rxc5 38.Bh5 Rc7 39.h4 Nd4 40.Nxd4 exd4  1/2-1/2

[Event "Nyirsegi Torna op"]
[Site "Nyirsegi Torna"]
[Date "1998.??.??"]
[Round "4"]
[White "Felegyhazi, Laszlo"]
[Black "Rat, Dan"]
[Result "1/2-1/2"]
[WhiteElo "2315"]
[BlackElo "2265"]

1.Nf3 Nf6 2.c4 g6 3.g3 Bg7 4.Bg2 O-O 5.O-O d5 6.cxd5 Nxd5 7.Nc3 c5 8.Nxd5 Qxd5
9.d3 Nc6 10.Ng5 Qd7 11.Rb1 b6 12.a3 Bb7 13.Qa4 Rfd8 14.Qh4 h6 15.Nf3 Kh7
16.Ng5+ Kg8 17.Nf3 Kh7  1/2-1/2

[Event "NOR-ch"]
[Site "Oslo"]
[Date "1998.??.??"]
[Round "5"]
[White "Heim, Sverre"]
[Black "Gabrielsen, Stig"]
[Result "1/2-1/2"]
[WhiteElo "2415"]
[BlackElo "2305"]

1.Nf3 Nf6 2.c4 g6 3.g3 Bg7 4.Bg2 O-O 5.O-O d6 6.d4 c6 7.Nc3 Qa5 8.h3 Be6
9.Qd3 Qa6 10.b3 d5 11.Ne5 Rd8 12.Bb2 dxc4 13.Nxc4 Bxc4 14.bxc4 Nbd7 15.e3 Ne5
16.Qe2 Nxc4 17.Rfb1 e5 18.Bf1 exd4 19.Qxc4 Qxc4 20.Bxc4 dxc3 21.Bxc3 b5 22.Bf1 Nd5
23.Bxg7 Kxg7 24.Rc1 Rac8 25.Rc5 a6 26.a3 Nb6 27.Rac1 Rd6 28.Bg2 Nc4 29.a4 Nb2
30.axb5 axb5 31.Rxb5 Nd3 32.Rc3 c5 33.Be4 c4 34.Bxd3 Rxd3 35.Rxd3 cxd3 36.Rd5 Rc3
37.Kg2 Kf6 38.Kf3 Ke6 39.Rd4 f5 40.g4 Ra3 41.Kf4 Ra2 42.gxf5+ gxf5 43.f3 d2
44.e4 fxe4 45.fxe4  1/2-1/2

[Event "NOR-ch"]
[Site "Oslo"]
[Date "1998.??.??"]
[Round "7"]
[White "Heim, Sverre"]
[Black "Dannevig, Oystein"]
[Result "1/2-1/2"]
[WhiteElo "2415"]
[BlackElo "2325"]

1.Nf3 Nf6 2.c4 g6 3.g3 Bg7 4.Bg2 O-O 5.O-O c5 6.d4 d6 7.dxc5 dxc5 8.Ne5 Nfd7
9.Nd3 Na6 10.Be3 Ne5 11.Nxe5 Bxe5 12.Nc3 Rb8 13.Qb3 Be6 14.Rfd1 Qb6 15.Qxb6 axb6
16.Nd5 Nb4 17.Nxb6 Nc2 18.Rab1 Nxe3 19.fxe3 Bf5 20.Nd7 Bxb1 21.Rxb1 Bd6 22.a4 Rfd8
23.Nxb8 Rxb8 24.Rd1 Ra8 25.b3 Rb8 26.Kf2 b6 27.h3 Rd8 28.Rd3 Kg7 29.Bc6 Kf6
30.Kg2 h6 31.Rd1 Bc7 32.Rxd8 Bxd8 33.Kf3 Bc7 34.Be8 e6 35.Bc6  1/2-1/2

[Event "Ostrava IM"]
[Site "Ostrava"]
[Date "1998.??.??"]
[Round "?"]
[White "Kolesar, Milan"]
[Black "Hitzgerova, Gabriela"]
[Result "1/2-1/2"]
[WhiteElo "2225"]
[BlackElo "2170"]

1.Nf3 Nf6 2.c4 g6 3.g3 Bg7 4.Bg2 O-O 5.d4 d6 6.O-O Nc6 7.Nc3 a6 8.d5 Na5
9.Nd2 c5 10.Rb1 Rb8 11.b3 b5 12.Bb2 Bh6 13.Ba1 Bxd2 14.Qxd2 bxc4 15.bxc4 Rxb1
16.Rxb1 Nxc4 17.Qc1 Nb6 18.e4 Ne8 19.f4 f6 20.Qb2 Nc4 21.Qe2 Na3 22.Re1 Qa5
23.e5 Nb5 24.exf6 exf6 25.Rc1 Nd4 26.Qf2 Bf5 27.h3 Nc7 28.g4 Bd3 29.Kh2 Qb4
30.Rd1 Bc4 31.Rb1 Qa5 32.Rb7 Ne8 33.Qe3 Qd8 34.Qd2 Rf7 35.Rxf7 Kxf7 36.Nd1 Qb6
37.Ne3 Bb5 38.g5 Bd7 39.Bb2 Ba4 40.Ng4 Bd7 41.Ne3 Ba4 42.h4 Bd7 43.gxf6 Nxf6
44.Nc4 Qc7 45.Bxd4 cxd4 46.Qxd4 Bb5 47.Ne3 Qc5 48.Qxc5 dxc5 49.Bf3 Ke7 50.f5 Bd3
51.fxg6 hxg6 52.Kg3 c4 53.Kf4 c3 54.Bd1 Kd6 55.Bb3 Nxd5+ 56.Bxd5 c2 57.Nxc2 Bxc2
58.Bf7 Ke7 59.Bc4 a5 60.Ke5 a4 61.a3 Bb1 62.Bb5 Bc2 63.Kd4 Kf6 64.Kc3 Bb3
65.Kb4 Kf5 66.Be8 Bd1  1/2-1/2